Country focus (Record no. 82817)
[ view plain ]
| 000 -LEADER | |
|---|---|
| fixed length control field | 00818cab a22002055a 4500 |
| 001 - CONTROL NUMBER | |
| control field | L151520 |
| 008 - FIXED-LENGTH DATA ELEMENTS--GENERAL INFORMATION | |
| fixed length control field | 101115e20101112xxk 000 0 eng d |
| 035 ## - SYSTEM CONTROL NUMBER | |
| System control number | (Sirsi) u151520 |
| 041 0# - LANGUAGE CODE | |
| Language code of text/sound track or separate title | eng |
| 100 1# - MAIN ENTRY--PERSONAL NAME | |
| Personal name | Leniston, Patrick |
| 245 00 - TITLE STATEMENT | |
| Title | Country focus |
| Remainder of title | France |
| 260 ## - PUBLICATION, DISTRIBUTION, ETC. | |
| Date of publication, distribution, etc. | 2010 |
| 490 ## - SERIES STATEMENT | |
| Series statement | Building |
| Volume/sequential designation | 275 (8654) 12 November 2010, 58-60(3) |
| 520 ## - SUMMARY, ETC. | |
| Summary, etc. | Snapshot look at France's economy and construction industry includes overview, economic sectors, green development, construction costs, development outlook, investment and employment, and conclusion; tables of the economy and construction industry at a glance 2009-2011, and first quarter 2010 construction costs £m2. |
| 590 ## - LOCAL NOTE (RLIN) | |
| Local note | KA |
| 651 #4 - SUBJECT ADDED ENTRY--GEOGRAPHIC NAME | |
| Geographic name | France |
| 690 ## - LOCAL SUBJECT ADDED ENTRY--TOPICAL TERM (OCLC, RLIN) | |
| Topical term or geographic name as entry element | BUILT ENVIRONMENT-CONSTRUCTION MARKET |
| 710 ## - ADDED ENTRY--CORPORATE NAME | |
| Corporate name or jurisdiction name as entry element | EC Harris |
| 9 (RLIN) | 4930 |
| 942 ## - ADDED ENTRY ELEMENTS (KOHA) | |
| Suppress in OPAC | 0 |
| Withdrawn status | Lost status | Source of classification or shelving scheme | Damaged status | Not for loan | Home library | Current library | Shelving location | Date acquired | Total Checkouts | Full call number | Barcode | Date last seen | Copy number | Price effective from | Koha item type |
|---|---|---|---|---|---|---|---|---|---|---|---|---|---|---|---|
| Dewey Decimal Classification | London | London | Journal article | 15/11/2010 | L151520 | 151520-1001 | 06/08/2019 | 1 | 06/08/2019 | Journal article |